La dimensión de género de la crisis: ¿existe una agenda feminista? /
En este se plantea que la constitución de una agenda económica feminista se basa en la comprensión de la desmercantilización del bienestar y la reubicación de las tareas de cuidado como categoría económica, articuladas a propuestas aún en construcción referidas al "buen vivir" y acríticas...
Guardat en:
| Autor principal: | |
|---|---|
| Format: | Text |
| Matèries: | |
| Etiquetes: |
Afegir etiqueta
Sense etiquetes, Sigues el primer a etiquetar aquest registre!
|
MARC
| LEADER | 00000 a a2200000 04500 | ||
|---|---|---|---|
| 001 | 44128 | ||
| 003 | |||
| 040 | |||
| 100 | |a Espino, Alma | ||
| 245 | |a La dimensión de género de la crisis: |b ¿existe una agenda feminista? / |c Alma Espino | ||
| 520 | |a En este se plantea que la constitución de una agenda económica feminista se basa en la comprensión de la desmercantilización del bienestar y la reubicación de las tareas de cuidado como categoría económica, articuladas a propuestas aún en construcción referidas al "buen vivir" y acríticas al desarrollismo tradicional. No obstante, las políticas públicas, pese a algunos avances, siguen sin incluir una dimensión de género en el bordaje económico. Esta situación constituye un desafío para el feminismo y lo obliga a estudiar más en profundidad la relación entre la economía y las diversas fuentes de desigualdad. | ||
| 650 | |a 1.RECESION ECONOMICA | ||
| 650 | |a 2.DISCRIMINACION BASADA EN EL GENERO | ||
| 650 | |a 3.FEMINISMO | ||
| 650 | |a 4.POLITICAS PUBLICAS | ||
| 650 | |a 5.MERCANTILISMO | ||
| 650 | |a 6.AMERICA LATINA | ||
| 773 | |g número237 ( , 2012), páginas 87-98 | ||
| 999 | |c 26381 |d 26381 | ||
